| 000 | 00991nam a2200217 i 4500 | ||
|---|---|---|---|
| 001 | 170623 | ||
| 003 | ES-MaACL | ||
| 005 | 20250824072541.0 | ||
| 008 | 090325s1925 ag |||| | spa d | ||
| 080 | _a821.134.2 (82)-2"18" | ||
| 245 | 0 | 4 |
_aLas bodas de Chivico y Pancha _b: sainete / _c[noticia de Mariano G. Bosch]. |
| 260 |
_aBuenos Aires : _b[s.n.], _c1925 ( _fImp. de la Universidad) |
||
| 300 |
_a3 h., p. 42-72 ; _c23 cm. |
||
| 490 | 1 |
_aSección de documentos. Primera serie. T. IV: Teatro en verso / Facultad de Filosofía y Letras de la Universidad de Buenos Aires, Instituto de Literatura Argentina ; _v2 |
|
| 700 | 1 |
_aBosch, Mariano G. _9152230 |
|
| 710 | 2 |
_aUniversidad de Buenos Aires. _bInstituto de Literatura Argentina. _9139614 |
|
| 830 | 0 | 0 |
_aSección de documentos. _pPrimera serie. _pTeatro en verso (Instituto de Literatura Argentina) _v2 _9188931 |
| 852 |
_aES-MaACL _jC-6630(3) _zEnc. en un vol. facticio |
||
| 942 | _2udc | ||
| 999 |
_c170623 _d170623 |
||